| 000 | 00543nam a2200229Ia 4500 | ||
|---|---|---|---|
| 003 | 0100 | ||
| 008 | 130303s9999 xx 000 0 und d | ||
| 020 | _a0198750293 | ||
| 040 | _cARRUPELIB | ||
| 050 | _aBC91.S96 1974 | ||
| 245 | 4 | _aThe justification of induction | |
| 260 | _aLondon | ||
| 260 | _bOxford University Press | ||
| 260 | _C1974 | ||
| 300 | _a179p. | ||
| 300 | _b 20cm. | ||
| 440 | _aOxford readings in philosophy | ||
| 650 | _aLOGIC | ||
| 650 | _bJesus Christ | ||
| 700 | _aSwinburne, Richard (ed.) | ||
| 942 | 0 | 0 | _02 |
| 999 |
_c30287 _d30287 |
||